000 00541nam a2200181Ia 4500
008 090123s9999 xx 000 0 und d
082 _b23560
_a891.463/काशिक
100 _aकाशिकर एस.एम.
245 _aसर्चमॅन
250 _a1
260 _bसत्यजय प्रकाशन
_c1994
300 _a178
600 _aकाशिकर एस.एम.
630 _aसर्चमॅन
700 _aकाशिकर एस.एम.
730 _aसर्चमॅन
942 _cBOOK
999 _c61631
_d61631